[Event "World ol U16 07th"]
[Site "Mersin"]
[Date "2008.08.24"]
[Round "10"]
[White "Davarashvili, Nodar"]
[Black "Yilmazyerli, Mert"]
[Result "1/2-1/2"]
[WhiteElo "2221"]
[BlackElo "2207"]
[PlyCount "86"]
[EventDate "2008.08.17"]
[EventType "team-swiss"]
[EventRounds "10"]
[EventCountry "TUR"]
[SourceTitle "CBM 126 Extra"]
[Source "ChessBase"]
[SourceDate "2008.11.05"]
[SourceVersion "1"]
[SourceVersionDate "2008.11.05"]
[SourceQuality "1"]

1. d4 Nf6 2. c4 e6 3. Nf3 b6 4. Nc3 Bb7 5. Bg5 Be7 6. e3 Ne4 7. Bxe7 Qxe7 8. Nxe4 Bxe4 9. Be2 0-0 10. 0-0 d6 11. Nd2 Bb7 12. b4 Nd7 13. Bf3 Bxf3 14. Qxf3 Nf6 15. b5 a6 16. a4 Ra7 17. a5 axb5 18. axb6 cxb6 19. cxb5 Rc8 20. Ra6 Rb7 21. Rfa1 d5 22. Qe2 g6 23. g3 Kg7 24. Nf3 Nd7 25. e4 Qd6 26. e5 Qc7 27. h4 h6 28. Kg2 Qc3 29. R6a3 Qb4 30. h5 g5 31. Qe3 Rbc7 32. Rb3 Qe7 33. Nd2 Rc2 34. Kh3 f5 35. exf6+ Nxf6 36. Rba3 g4+ 37. Kg2 Qf7 38. Qe5 Qxh5 39. Qxh5 Nxh5 40. R1a2 Nf6 41. Nf1 R2c4 42. Ra7+ Kg6 43. Rb7 Rxd4 1/2-1/2

[Event "World ol U16 07th"]
[Site "Mersin"]
[Date "2008.08.22"]
[Round "7"]
[White "Shyam, Sundar M"]
[Black "Davarashvili, Nodar"]
[Result "1/2-1/2"]
[WhiteElo "2312"]
[BlackElo "2221"]
[PlyCount "66"]
[EventDate "2008.08.17"]
[EventType "team-swiss"]
[EventRounds "10"]
[EventCountry "TUR"]
[SourceTitle "CBM 126 Extra"]
[Source "ChessBase"]
[SourceDate "2008.11.05"]
[SourceVersion "1"]
[SourceVersionDate "2008.11.05"]
[SourceQuality "1"]

1. e4 c6 2. Ne2 d5 3. e5 Bf5 4. Ng3 Bg6 5. h4 h6 6. h5 Bh7 7. e6 Qd6 8. exf7+ Kxf7 9. Bd3 Bxd3 10. Qf3+ Qf6 11. Qxd3 e5 12. Qb3 b6 13. c4 Bc5 14. 0-0 Ne7 15. cxd5 cxd5 16. Ne4 Qf5 17. Nbc3 Rd8 18. d3 Nbc6 19. Nxc5 bxc5 20. Qd1 Kg8 21. f4 Rf8 22. g4 Qf6 23. f5 Rab8 24. Qf3 Qh4 25. Nxd5 Rfd8 26. Nc3 Nb4 27. Be3 Nxd3 28. b3 Rb4 29. Ne4 Rxe4 30. Qxe4 Qg3+ 31. Kh1 Qh3+ 32. Kg1 Qg3+ 33. Kh1 Qh3+ 1/2-1/2

[Event "World ol U16 07th"]
[Site "Mersin"]
[Date "2008.08.20"]
[Round "5"]
[White "Mammadov, Ayaz Arzu"]
[Black "Davarashvili, Nodar"]
[Result "0-1"]
[WhiteElo "2347"]
[BlackElo "2221"]
[PlyCount "74"]
[EventDate "2008.08.17"]
[EventType "team-swiss"]
[EventRounds "10"]
[EventCountry "TUR"]
[SourceTitle "CBM 126 Extra"]
[Source "ChessBase"]
[SourceDate "2008.11.05"]
[SourceVersion "1"]
[SourceVersionDate "2008.11.05"]
[SourceQuality "1"]

1. d4 Nf6 2. Nf3 e6 3. c4 b6 4. g3 Ba6 5. b3 Bb4+ 6. Bd2 Be7 7. Bg2 c6 8. 0-0 d5 9. Bc3 0-0 10. Nbd2 Nbd7 11. Ne5 Nxe5 12. dxe5 Nd7 13. Qc2 Qc7 14. f4 b5 15. Kh1 g6 16. e4 bxc4 17. bxc4 dxc4 18. Nf3 Nc5 19. f5 Rfd8 20. Nd4 Bf8 21. Qd2 Bg7 22. Qe3 Na4 23. fxe6 Nxc3 24. exf7+ Kh8 25. Ne6 Qxe5 26. Nxd8 Rxd8 27. Qxa7 Bc8 28. Rac1 Rf8 29. Rc2 Nb5 30. Qb6 Be6 31. a4 Nd4 32. Rcf2 c3 33. a5 Bc4 34. Rc1 Nb3 35. Rd1 Qxa5 36. Qb7 Qc5 37. Ra2 Na5 0-1

[Event "Kavala op 17th"]
[Site "Kavala"]
[Date "2008.07.31"]
[Round "1"]
[White "Davarashvili, Nodar"]
[Black "Bosiocic, Marin"]
[Result "1/2-1/2"]
[WhiteElo "2221"]
[BlackElo "2540"]
[PlyCount "71"]
[EventDate "2008.07.31"]
[EventType "swiss"]
[EventRounds "9"]
[EventCountry "GRE"]
[SourceTitle "CBM 125 Extra"]
[Source "ChessBase"]
[SourceDate "2008.09.01"]
[SourceVersion "1"]
[SourceVersionDate "2008.09.01"]
[SourceQuality "1"]

1. d4 Nf6 2. c4 e6 3. Nf3 Bb4+ 4. Bd2 a5 5. Nc3 0-0 6. e3 b6 7. Bd3 Bb7 8. 0-0 d6 9. Qe2 Nbd7 10. e4 e5 11. d5 Nc5 12. Bc2 Bc8 13. b3 Nh5 14. a3 Nf4 15. Qe3 Bxc3 16. Bxc3 a4 17. b4 Nb3 18. Rae1 Qf6 19. g3 Bh3 20. gxf4 exf4 21. Bxf6 fxe3 22. Bc3 Bxf1 23. Kxf1 exf2 24. Kxf2 f6 25. Rg1 Rac8 26. Bxb3 axb3 27. Nd4 Rfe8 28. Ne6 g6 29. b5 Re7 30. Ke3 Rf7 31. h4 Ra8 32. Bb2 Ra4 33. Kd4 f5 34. h5 fxe4 35. hxg6 Rf2 36. Kc3 1/2-1/2

[Event "Wch U14"]
[Site "Batumi"]
[Date "2006.10.25"]
[Round "8"]
[White "Davarashvili, Nodar"]
[Black "Bregadze, Levan"]
[Result "0-1"]
[WhiteElo "2112"]
[BlackElo "2269"]
[PlyCount "78"]
[EventDate "2006.10.19"]
[EventType "swiss"]
[EventRounds "13"]
[EventCountry "GEO"]
[SourceTitle "EXT 2007"]
[Source "ChessBase"]
[SourceDate "2006.11.23"]
[SourceVersion "1"]
[SourceVersionDate "2006.11.23"]
[SourceQuality "1"]

1. d4 Nf6 2. c4 e6 3. Nf3 Bb4+ 4. Bd2 c5 5. Bxb4 cxb4 6. Qd3 0-0 7. Nbd2 d6 8. e4 Nc6 9. Be2 b6 10. 0-0 e5 11. d5 Ne7 12. a3 bxa3 13. Qxa3 Ng6 14. Rfc1 Nf4 15. Bf1 Bg4 16. b4 Nd7 17. c5 Bxf3 18. Nxf3 bxc5 19. bxc5 Nxc5 20. Nxe5 Nxe4 21. Nc6 Qg5 22. Qe3 Rae8 23. g3 Nxd5 24. Qxg5 Nxg5 25. Ra5 Nf3+ 26. Kg2 Re1 27. Rxd5 Rxc1 28. Rxd6 Ne1+ 29. Kg1 g6 30. Nxa7 Ra8 31. Rd7 g5 32. h3 Rb8 33. Be2 Rb2 34. Re7 Kf8 35. Re4 f5 36. Rc4 Ra1 37. Rc8+ Ke7 38. Rc7+ Kd8 39. Rc8+ Kd7 0-1

[Event "Wch U14"]
[Site "Batumi"]
[Date "2006.10.23"]
[Round "5"]
[White "Durarbayli, Vasif"]
[Black "Davarashvili, Nodar"]
[Result "1/2-1/2"]
[WhiteElo "2243"]
[BlackElo "2112"]
[PlyCount "116"]
[EventDate "2006.10.19"]
[EventType "swiss"]
[EventRounds "13"]
[EventCountry "GEO"]
[SourceTitle "EXT 2007"]
[Source "ChessBase"]
[SourceDate "2006.11.23"]
[SourceVersion "1"]
[SourceVersionDate "2006.11.23"]
[SourceQuality "1"]

1. e4 c6 2. d4 d5 3. Nc3 dxe4 4. Nxe4 Bf5 5. Ng3 Bg6 6. h4 h6 7. Nf3 Nd7 8. h5 Bh7 9. Bd3 Bxd3 10. Qxd3 e6 11. Bd2 Ngf6 12. 0-0-0 Be7 13. Ne4 Nxe4 14. Qxe4 Nf6 15. Qe2 Qd5 16. c4 Qe4 17. Be3 Ng4 18. Qc2 Qxc2+ 19. Kxc2 0-0 20. Ne5 Nxe3+ 21. fxe3 Rfd8 22. e4 Rac8 23. Rd3 Bf6 24. Nf3 e5 25. dxe5 Rxd3 26. Kxd3 Rd8+ 27. Kc3 Be7 28. b4 c5 29. b5 Rd7 30. Rf1 Bd8 31. e6 fxe6 32. Ne5 Ba5+ 33. Kb3 Rd4 34. Ng6 Rd8 35. Rf3 Bc7 36. e5 Re8 37. Kc2 Rd8 38. a4 Ba5 39. Ne7+ Kh7 40. Rd3 Rxd3 41. Kxd3 Bd8 42. Nc8 a5 43. bxa6 bxa6 44. Nd6 Kg8 45. Ke3 Kf8 46. Kf3 Be7 47. g3 Bd8 48. Ne4 Be7 49. Kf4 Ke8 50. g4 Kd7 51. g5 Kc6 52. g6 Bf8 53. Nf6 Kc7 54. Ke4 Kd8 55. Kd3 Ke7 56. Ng4 Kd7 57. Kc2 Kd8 58. Kb3 Kd7 1/2-1/2